Tratado de urgencias en medicina: diagnóstico y tratamiento (Registro nro. 12921)

Detalles MARC
000 -Cabecera
Campo de control de longitud fija 01335nam a22004937a 4500
005 - Fecha y hora de la última transacción
Campo de control 20250819085915.0
008 - Elementos de longitud fija--Información general
Campo de control de longitud fija 210224b2009 xxu||||| |||| 00| 0 spa d
020 ## - International Standard Book Number
Número Internacional Estándar del Libro (ISBN) 9788478854882
041 ## - Idioma
Código de idioma Español
082 ## - Clasificación Decimal Dewey
Número de clasificación 616.025 T115t4
245 ## - Título propiamente dicho
Título Tratado de urgencias en medicina: diagnóstico y tratamiento
250 ## - Edición
Mención de edición 4 edición
260 ## - Pie de imprenta
Lugar de publicación, distribución, etc. España
260 ## - Pie de imprenta
Nombre del editor, distribuidor, etc. Grupo Aula Médica
260 ## - Pie de imprenta
Fecha de publicación, distribución, etc. 2009
300 ## - Descripción física
Extensión 880 páginas
490 ## - Serie
Título de la Serie Temática General
650 ## - Materia general
Temática (materia general) MEDICINA DE URGENCIAS
650 ## - Materia general
Temática (materia general) URGENCIAS CARDÍACAS
650 ## - Materia general
Temática (materia general) URGENCIAS RESPIRATORIAS
650 ## - Materia general
Temática (materia general) URGENCIAS DIGESTIVAS
650 ## - Materia general
Temática (materia general) URGENCIAS ENDOCRINOLÓGICAS
650 ## - Materia general
Temática (materia general) URGENCIAS INFECCIOSAS
650 ## - Materia general
Temática (materia general) URGENCIAS NEUROLÓGICAS
650 ## - Materia general
Temática (materia general) CIRUGÍA
650 ## - Materia general
Temática (materia general) URGENCIAS GINECOLÓGICAS
650 ## - Materia general
Temática (materia general) OTORRINOLARINGOLOGÍA
650 ## - Materia general
Temática (materia general) REUMATOLOGÍA
650 ## - Materia general
Temática (materia general) ALERGOLOGÍA
650 ## - Materia general
Temática (materia general) TOXICOLOGÍA
650 ## - Materia general
Temática (materia general) PSIQUIATRÍA
650 ## - Materia general
Temática (materia general) UROLOGÍA
650 ## - Materia general
Temática (materia general) OFTALMOLOGÍA
650 ## - Materia general
Temática (materia general) TRAUMATOLOGÍA
650 ## - Materia general
Temática (materia general) CIRUGÍA VASCULAR
650 ## - Materia general
Temática (materia general) TRANSFUSIONES
650 ## - Materia general
Temática (materia general) ANALGESIA
650 ## - Materia general
Temática (materia general) DROGAS EN REANIMACIÓN
650 ## - Materia general
Temática (materia general) TRTAMIENTO PALIATIVO
650 ## - Materia general
Temática (materia general) CATÁSTROFES
650 ## - Materia general
Temática (materia general) FARMACOLOGÍA
650 ## - Materia general
Temática (materia general) FÓRMULAS EN URGENCIAS
942 ## - Punto de acceso adicional KOHA
Tipo de ítem KOHA Libro
Fuente del sistema de clasificación o colocación Dewey Decimal Classification
Existencias
Signatura completa Código de barras Programa Académico Tipo de ítem
616.025 T115t4 15709 Temática General Libro